000 00709nam a22001937a 4500
999 _c168769
_d168769
005 20191024132351.0
010 _aUR-10553
020 _c120.00
_a8180880192
035 _aU-9108
037 _bDBAD/PUB
_a-
082 _a330.270
100 _aمو لا نا سيد ا بو الاعلی مو د و د ی
245 _aسو د
_c مو لا نا سيد ا بو الاعلی مو د و د ی
246 _bSood (Urdu)
_aby Molan Syed Abuulala Modoodi
260 _aN.Delhi
_bMarkazi Maktaba Islami Publishers
_c2014 ء
270 _aD-307,Dawat Nagar,Abulfazal Enclave, Jamia Ngr.
_bNew Delhi
_e110025
_k26971652
_l-
300 _a280 ص
_c22 Cm(Hb)
942 _2ddc
_cUR
_h330.270
_mم و د